| 000 | 00000nam##2200000za#4500 |
| 001 | 9.696350 |
| 003 | CaOODSP |
| 005 | 20210624235007 |
| 007 | cr ||||||||||| |
| 008 | 150407|2000||||xxc|||||o f|0| 0 eng|d |
| 040 | |aCaOODSP|beng |
| 043 | |an-cn--- |
| 086 | 1 |aH21-156/2000E-PDF |
| 110 | 1 |aCanada. |bHealth Canada. |
| 245 | 10|aRealigning Health Canada to better serve Canadians |h[electronic resource] |
| 260 | |aOttawa - Ontario : |bHealth Canada |cApril 17, 2000. |
| 300 | |a30p.|bfig., organization charts |
| 590 | |a12-30-Supp|b2012-06-28 |
| 690 | 07|aHealth policy|2gcpds |
| 690 | 07|aHealth promotion|2gcpds |
| 775 | 08|tRemaniement de Santé Canada pour mieux servir la population canadienne |w(CaOODSP)9.640467 |
| 776 | 0#|tRealigning Health Canada to better serve Canadians / |w(CaOODSP)9.661937 |
| 776 | 0#|tRemaniement de Santé Canada pour mieux servir la population canadienne / |w(CaOODSP)9.661938 |
| 856 | 40|ahttp://publications.gc.ca|qPDF|s675 KB|uhttps://publications.gc.ca/collections/Collection/H21-156-2000E.pdf |